000 00973cab a2200289 4500
001 ABS46927
008 090401t1992 xxu||||| |||| 00| 0 eng d
035 _a(Sirsi) u60153
041 _aeng
100 _aWaterson, G.
245 _aForfeiture and peaceable re-entry : a review of recent developments
260 _c1992
350 _a0
490 _aProperty Management
_v10(3) Summer 1992, 216-223(8)
520 _aReviews recent case law on peaceable re-entry and examines the rules and limitation under which this right may be exercised. References.
650 _aCRIMINAL LAW ACT 1977 S6
650 _aFORFEITURE
650 _aLANDLORD AND TENANT ACT 1927 S18
650 _aLAW OF PROPERTY ACT 1925 S146
650 _aLEASEHOLD PROPERTY (REPAIRS) ACT 1938 S1
650 _aPEACEABLE RE-ENTRY
650 _aPROTECTION FROM EVICTION ACT 1977
650 _aREPOSSESSION
690 _aLandlord and tenant
_96252
942 _n0
948 _c04/03/1997
999 _c37056
_d37056